Tom Sawyer abroad / (رقم التسجيلة. 19464)

تفاصيل مارك
000 -الفاتح
حقل البيانات ثابتة الطول 00998 am a2200265ua 4500
001 - رقم الضبط
رقم الضبط 012590065
003 - محدد رقم الضبط
رقم الضبط OSt
005 - وقت وتاريخ اخر تعامل مع التسجيلة
رقم الضبط 20150408113955.0
008 - عناصر البيانات ثابتة الطول - معلومات عامة
حقل البيانات ثابتة الطول 111208r19961894enkabc || 000 1|eng
015 ## - رقم الببليوجرافية الوطنية
رقم الببليوجرافية الوطنية GB9728774
المصدر bnb
020 ## - الرقم الدولى المعيارى للكتب
الرقم الدولى المعيارى للكتاب 9780199733491
040 ## - مصدر الفهرسة
وكالة الفهرسة الأصلية DLC
وكالة النسخ DLC
وكالة التعديل Uk
082 04 - رقم تصنيف ديوى العشرى
رقم التصنيف 823.4 T M T
رقم الطبعة 21
100 1# - المدخل الرئيسى - إسم شخصى
الإسم الشخصى Twain, Mark,
التواريخ المصاحبة للاسم 1835-1910.
245 10 - بيان العنوان
العنوان Tom Sawyer abroad /
بيان المسئوليه,etc Mark Twain ; foreword, Shelley Fisher Fishkin ; introduction, Nat Hentoff ; afterword, M. Thomas Inge.
260 ## - PUBLICATION, DISTRIBUTION, ETC. (IMPRINT)
مكان الناشر او الموزع New York ;
-- Oxford :
اسم الناشر او الموزع Oxford University Press,
تاريخ النشر أو التوزيع 1996.
300 ## - الوصف المادى
التعداد xxxviii, 219, 32p. :
تفاصيل ماديه اخرى للوعاء ill., maps, 1 port. ;
أبعاد الوعاء 22cm.
490 1# - بيان السلسلة
عنوان السلسلة The Oxford Mark Twain
500 ## - تبصرة عامة
تبصرة عامة Facsim. of ed. published: New York : Charles L. Webster, 1894.
650 #0 - المدخل الاضافى بالموضوع-مصطلح موضوعى
مصطلح موضوعي أو اسم جغرافي كعنصر مدخل Americans
التقسيم الفرعي العام Travel
التقسيم الفرعي الجغرافي Foreign countries
التقسيم الفرعي العام Fiction.
9 (RLIN) 7446
650 #0 - المدخل الاضافى بالموضوع-مصطلح موضوعى
مصطلح موضوعي أو اسم جغرافي كعنصر مدخل Balloon ascensions
التقسيم الفرعي العام Fiction.
9 (RLIN) 7447
650 #0 - المدخل الاضافى بالموضوع-مصطلح موضوعى
مصطلح موضوعي أو اسم جغرافي كعنصر مدخل Sawyer, Tom (Fictitious character)
التقسيم الفرعي العام Fiction.
9 (RLIN) 7448
942 ## - عناصر المدخل الإضافي( كوها)
مصدر التصنيف او مخطط الترفيف Dewey Decimal Classification
Koha [default] item type DVD
المقتنيات
حالة الفقد نموذج السعر الفعال حالة تلف ليس للاعارة رقم الطلب تاريخ الاكتساب الموقع الحالي الباركود الفرع الرئيسي Date last seen نوع المادة فى نظام كوها مصدر التصنيف او خطة الترفيف Total Checkouts
  2013-03-10     823.4 T M T 2011-12-08 قسم الاجراءات الفنية (IC) 00100935 قسم الاجراءات الفنية (IC) 2013-03-10 كتاب Dewey Decimal Classification  
  2013-03-10     823.4 T M T 2011-12-08 قسم الاجراءات الفنية (IC) 00100936 قسم الاجراءات الفنية (IC) 2013-03-10 كتاب Dewey Decimal Classification